В пошуках скарбів (Запис № 17340)

000 -Маркер запису
Контрольне поле сталої довжини 01184nam a22002297a 4500
003 - Належність контрольного номера
Контрольне поле Uzh_bibl
008 - Кодовані дані
Контрольне поле сталої довжини 260415b |||||||| |||| 00| 0 ukr d
020 ## - Індекс ISBN
ISBN 5-7775-0151-6
Ціна 3.60
041 ## - Код мови видання
Код мови оригіналу українська
Код мови тексту українська
080 ## - Індекс УДК
Індекс УДК 94(477)
090 ## - Шифри
Поличний індекс 94(477)
Авторський знак Ш 24
100 ## - Автор
Автор Шаповал, Іван
245 ## - Назва
Назва В пошуках скарбів
Фізичний носій Текст
260 ## - Вихідні дані
Місце видання Дніпропетровськ
Видавництво Промінь
Дата видання 1990
300 ## - Фізичний опис
Обсяг 352 с.
Тип одиниці В опр.
520 ## - Анотація
Анотація Книга оповідань біографічного жанру про життя історика Запорізької Січі Дмитра Івановича Яворницького (1855–1940). Оповідання виходять з передмовою Максима Рильського і познайомлять читачів не тільки з життям Яворницького, а й з історією рідного краю.
521 ## - Примітка про цільове призначення
Примітка про цільове призначення Для широкого кола читачів
546 ## - Примітка про мову
Примітка про мову укр.
650 ## - Тематичні рубрики
Основна рубрика Літературно-художне видання
655 ## - Термін індексування — жанр/форма
Типове ділення оповідання про Д.І. Яворницького
942 ## - ADDED ENTRY ELEMENTS (KOHA)
Джерело класифікації чи схема поличного розташування
Koha item type Книги
Фонди
Статус вилучення Статус втрати/відсутності Джерело класифікації чи схема поличного розташування Статус пошкодження Тип обігу (не для випозичання) Постійне розташування Поточне розташування Розташування у відділі Дата надходження Інвентарний номер Total Checkouts Повний (примірниковий) шифр зберігання Штрих-код Date last seen Дата, для якої чинна ціна заміни Тип одиниці (рівень примірника)
          Публічна бібліотека Публічна бібліотека Абонемент 15/04/2026 40685   94(477) 19307 15/04/2026 15/04/2026 Книги

Працює на АБІС Коха